000 00805nam a2200217Ia 4500
003 GCL
008 140319s9999 xx 000 0 ara d
040 _aGCL /
_cGCL
082 0 4 _a629.2508
_bا ا
100 1 _aابراهيم محمد عثمان القرضاوى
245 1 0 _aاجهزة الطاقة الشمسية تبريد, تكييف, تدفئة, تسخين مياه /
_cابراهيم محمد عثمان القرضاوى
260 _a[S.N] :
_bمنشاة المعارف الاسلامية ،
_c1987
300 _a275 ص
490 _a
650 0 4 _aالطاقة الشمسية
650 0 4 _aالهندسة الشمسية
650 0 4 _aالاشعاع الشمسى
650 0 4 _aمحركات الطاقة الشمسية
650 0 4 _aالبطاريات الشمسية
942 _2ddc
_cBK
999 _c33083
_d33083